00884nam a2200253Ia 450000500170000000800400001702000180005708200170007510000330009224500520012525000170017730000260019449000450022065000380026565000400030365000370034365000380038065000610041826400280047933600270050733700330053433800280056704000350059520220317000312.0141031s2012 cck 00 0gspa d s sspa  a978958420847704a305.4bL17m11 aLara Salive, Patriciad1951-14aLas mujeres en la guerra cPatricia Lara Salive a5a edición a293 páginasc21 cm  aColección premio planeta de periodismo142LEMBaMujeresxHistoriazColombia142LEMBaMujeresxActividad política142LEMBaConflicto armadozColombia142LEMBaGuerra y sociedadzColombia142LEMBaMujeres en la guerraxRelatos personaleszColombia aBogotábPlanetac2012 atextobtxt2rdacontent asin mediaciónbn2rdamedia avolumenbnc2rdacarrier aCO-BoRNBPbspaerdacCO-BoRNBP